Sports Quiz

Random Sports or Auto Racing Quiz

Most Grand Prix Starts Per Constructor Quiz Stats

 Plays Quiz not verified by Sporcle

Score 0/36 Timer 10:00
0 Plays Today
Constructor Driver Name % Correct
BenettonMichael Schumacher
97.9%
FerrariMichael Schumacher
97.9%
HondaJenson Button and Rubens Barrichello
96.2%
Red BullMark Webber
93.1%
RenaultFernando Alonso
87.3%
McLarenDavid Coulthard
84.1%
JordanRubens Barrichello
83.2%
StewartRubens Barrichello
83.2%
BRMGraham Hill
83%
WilliamsNigel Mansell
81.1%
ToyotaJarno Trulli
79%
BARJacques Villeneuve
76%
Force IndiaAdrian Sutil
71.5%
JaguarEddie Irvine
71.2%
Super AguriTakuma Sato
70.6%
BrabhamNelson Piquet
69.3%
ProstOlivier Panis
67.3%
Scuderia Toro RossoCarlos Sainz
65%
Constructor Driver Name % Correct
SauberNick Heidfeld
64.4%
SimtekDavid Brabham
64%
ArrowsRiccardo Patrese and Thierry Boutsen
56.2%
LigierJacques Laffite
54.4%
MinardiPierluigi Martini
49.7%
PenskeJohn Watson
41.1%
LotusElio de Angelis
40.6%
TolemanDerek Warwick
35.1%
TyrrellPatrick Depailler
30.6%
ZakspeedJonathan Palmer
29.6%
Alfa RomeoBruno Giacomelli
29.2%
PacificBertrand Gachot
29.1%
DallaraJyrki Järvilehto
25.1%
LarrousseÉrik Comas
24.5%
ColoniGabriele Tarquini
24.3%
OsellaPiercarlo Ghinzani
24.2%
EuroBrunStefano Modena
20.3%
AGSPhilippe Streiff
15.9%

You're not logged in!

Compare scores with friends on all Sporcle quizzes.
OR
Log In

Show Comments

Extras

Top Quizzes Today


Score Distribution

Your Account Isn't Verified!

In order to create a playlist on Sporcle, you need to verify the email address you used during registration. Go to your Sporcle Settings to finish the process.

Report this User

Report this user for behavior that violates our Community Guidelines.

Details: